Combined compilation of meat and poultry inspection issuances / (Record no. 937745)

MARC details
000 -LEADER
fixed length control field 01196nam a2200313 a 4500
001 - CONTROL NUMBER
control field vtls001488831
003 - CONTROL NUMBER IDENTIFIER
control field NLI
005 - DATE AND TIME OF LATEST TRANSACTION
control field 20210627133350.0
008 - FIXED-LENGTH DATA ELEMENTS--GENERAL INFORMATION
fixed length control field 121207s1986 dcu f000 0 eng
039 #9 - LEVEL OF BIBLIOGRAPHIC CONTROL AND CODING DETAIL [OBSOLETE]
-- 201212071820
-- VLOAD
040 ## - CATALOGING SOURCE
Original cataloging agency NLI
Language of cataloging eng
Transcribing agency Datasoft_FOD
Description conventions AACR2
041 0# - LANGUAGE CODE
Language code of text/sound track or separate title eng
044 ## - COUNTRY OF PUBLISHING/PRODUCING ENTITY CODE
MARC country code dcu
082 04 - DEWEY DECIMAL CLASSIFICATION NUMBER
Classification number 363.19290973
110 1# - MAIN ENTRY--CORPORATE NAME
Corporate name or jurisdiction name as entry element United States.
Subordinate unit Department of Agriculture.
-- Food Safety and Inspection Service
9 (RLIN) 934348
245 10 - TITLE STATEMENT
Title Combined compilation of meat and poultry inspection issuances /
Statement of responsibility, etc. United States Department of Agriculture, Food Safety and Inspection Service
260 ## - PUBLICATION, DISTRIBUTION, ETC.
Place of publication, distribution, etc. Washington, D.C. :
Name of publisher, distributor, etc. U.S. Dept. of Agriculture, Food Safety and Inspection Service,
Date of publication, distribution, etc. 1986
300 ## - PHYSICAL DESCRIPTION
Extent Various pagings ;
Dimensions 29 cm.
650 #0 - SUBJECT ADDED ENTRY--TOPICAL TERM
Topical term or geographic name entry element Meat inspection
Geographic subdivision United States
9 (RLIN) 708481
650 #0 - SUBJECT ADDED ENTRY--TOPICAL TERM
Topical term or geographic name entry element Poultry
General subdivision Inspection
Geographic subdivision United States
710 1# - ADDED ENTRY--CORPORATE NAME
Corporate name or jurisdiction name as entry element United States.
Subordinate unit Inspection Operations
9 (RLIN) 934349
710 1# - ADDED ENTRY--CORPORATE NAME
Corporate name or jurisdiction name as entry element United States.
Subordinate unit Department of Agriculture
9 (RLIN) 706342
887 ## - NON-MARC INFORMATION FIELD
Content of non-MARC field
901 ## - LOCAL DATA ELEMENT A, LDA (RLIN)
a AD 159973
b 15.10.2010
9 1986
902 ## - LOCAL DATA ELEMENT B, LDB (RLIN)
a U.S 363.19290973 Un 3
904 ## - LOCAL DATA ELEMENT D, LDD (RLIN)
l F 6420
949 ## - LOCAL PROCESSING INFORMATION (OCLC)
-- VIRTUAITEM
-- 10002
-- 100
6 FOD000159973ENG
9 1986
942 ## - ADDED ENTRY ELEMENTS (KOHA)
Source of classification or shelving scheme Dewey Decimal Classification
Koha item type Books
Holdings
Withdrawn status Lost status Damaged status Not for loan Collection code Home library Current library Shelving location Date acquired Total Checkouts Full call number Barcode Date last seen Price effective from Koha item type
          National Library of India National Library of India       U.S 363.19290973 Un 3 FOD000159973ENG 27/06/2021 27/06/2021 Books
                                                                           
web counter

Copyright ©2020 The National Library of India, Govt. of India ↔ Hosted by NVLI, MOC ↔ Technology and Design by National Library of India, Ministry of Culture, Govt. of India